000 00884nam0a22002411 4500
001 rc\541776
005 20030616165826.0
035 _a(NLR Aleph) 005778600
090 _a5096924
_c5096924
100 _a20030616d1987 u |0rusy50 ca
101 0 _arus
102 _aRU
105 _ay |||||||||
200 1 _aТРУДОВОЙ коллектив в управлении производством
_e[Сб. ст.]
_fАН СССР, Ин-т экономики
_gОтв. ред. д. ю. н., проф. Е.П. Торкановский
210 _aМ.
_cБ. и.
_d1987
215 _a[2], 176 с.
_d20
702 1 _aТоркановский
_bЕ. П.
_gЕвгений Петрович
_4340
712 0 2 _aИнститут экономики
_cМосква
_3RU\NLR\AUTH\882985
801 0 _aRU
_bNLR
_gpsbo
801 1 _aRU
_bELAR
_2rusmarc
852 _aNLR
_j88-3/13674
942 _cBOOK
980 _aNB